Szczegóły MARC21

Statystyka w zadaniach. Cz. 1, Statystyka opisowa /

003 -Nazwa inst., której nr kontr. jest w polu 001 [,]
    • @
    • Nazwa instytucji, której n kontrolny jest w polu 001
    • NUKAT
005 -DATA I CZAS OSTATNIEJ MODYFIKACJI [,]
    • @
    • pole kontrolne
    • 20241231092908.0
020 -Międzynarod. znormalizowany nr książki - ISBN [ , ]
    • a
    • Numer ISBN
    • 8320425727 Find
    • q
    • Dopowiedzenie
    • całość
020 -Międzynarod. znormalizowany nr książki - ISBN [ , ]
    • a
    • Numer ISBN
    • 8320425735 Find
    • q
    • Dopowiedzenie
    • cz. I
040 -Instytucja sporządzająca opis [ , ]
    • a
    • Instytucja, która sporządziła opis (NP)
    • WA 72/01OMW
    • b
    • Język katalogowania
    • pol
    • e
    • Zasady katalogowania
    • rda
    • c
    • Instytucja, która sporządziła rekord (NP)
    • WA 72/01OMW
    • d
    • Instytucja, która zmodyfikowała rekord (P)
    • WA 72/01OMK
    • d
    • Instytucja, która zmodyfikowała rekord (P)
    • Ł U/TKs
    • d
    • Instytucja, która zmodyfikowała rekord (P)
    • GL 001/DA
    • d
    • Instytucja, która zmodyfikowała rekord (P)
    • GL 001/FAK
942 -Rodzaj dokumentu [ , ]
    • c
    • Rodzaj dokumentu
    • Książka
245 -Strefa tytułu i oznaczenia odpowiedzialności [0,0]
    • a
    • Tytuł
    • Statystyka w zadaniach. Find
    • n
    • Oznaczenie części (P)
    • Cz. 1,
    • p
    • Nazwa części (P)
    • Statystyka opisowa /
    • c
    • Pozostałe elementy strefy tytułu i oznaczenia odpowiedzialności (NP)
    • Iwona Bąk, Iwona Markowicz, Magdalena Mojsiewicz, Katarzyna Wawrzyniak.
246 -Wariant tytułu [3,0]
    • a
    • Tytuł (NP)
    • Statystyka opisowa
250 -Strefa wydania [ , ]
    • a
    • Oznaczenie wydania (NP)
    • Wyd. I.
260 -Strefa adresu wydawniczego [ , ]
    • a
    • Miejsce wydania (P)
    • Warszawa :
    • b
    • Nazwa wydawcy (P)
    • Wydawnictwa Naukowo-Techniczne,
    • c
    • Data wydania (P)
    • 2001.
300 -Strefa opisu fizycznego [ , ]
    • a
    • Określenie formy książki i/lub objętość (NP)
    • 284, [2] strony :
    • b
    • Oznaczenie ilustracji (NP)
    • ilustracje ;
    • c
    • Format (NP)
    • 24 cm.
336 -Typ zawartości [ , ]
    • a
    • Termin opisujący typ zawartości
    • Tekst
    • b
    • Kod określający zawartość
    • txt
    • 2
    • Źródło (terminu i kodu)
    • rdacontent
337 -Typ mediów [ , ]
    • a
    • Tryb odtwarzania
    • Bez urządzenia pośredniczącego
    • b
    • Kod typu mediów
    • n
    • 2
    • Źródło (terminu i kodu)
    • rdamedia
338 -Typ/rodzaj nośnika [ , ]
    • a
    • Hasło opisujące typ nośnika
    • Wolumin
    • b
    • Kod typu nośnika
    • nc
    • 2
    • Źródło (terminu i kodu)
    • rdacarrier
504 -Uwaga dot. bibliogr. załącznikowej [ , ]
    • a
    • Uwaga dot. bibliografii załącznikowej
    • Bibliografia na stronie 285.
521 -Uwaga dot. przeznaczenia czytelniczego [8, ]
    • a
    • Uwaga dot. przeznaczenia czytelniczego
    • Dla studentów wyższych uczelni i pracowników instytucji wykorzystujących w analizie danych narzędzia statystyczne.
080 -Uniwersalna Klasyfikacja Dziesiętna [ , ]
    • 2
    • Identyfikator wydania tablic
    • UDC-P058
    • a
    • Symbol klasyfikacji
    • 519.2
    • b
    • Dopowiedzenie
    • Rachunek prawdopodobieństwa. Statystyka matematyczna. Analiza statystyczna. Teoria estymacji. Rachunek wyrównawczy. Teoria błędów.
    • 9
    • UKD
    • 4064
    • 4
    • UKD2
    • 7665
    • x
    • Poddział wspólny
    • (075.8)
    • c
    • Dopowiedzenie poddz. wspólnego
    • (Podręczniki dla szkół wyższych. Skrypty).
650 -Hasło przedmiotowe [ ,7]
    • a
    • Hasło przedmiotowe
    • Statystyka
    • v
    • Określnik formalny
    • zadania i ćwiczenia.
    • 2
    • Źródło terminu
    • kaba
    • 9
    • KHW
    • 354173
980 -Symbol UKD [ , ]
    • a
    • UKD
    • 519.2(075.8)
700 -Hasło dodatkowe - nazwa osobowa [1, ]
    • a
    • Nazwa osobowa (NP)
    • Bąk, Iwona Find
    • c
    • Dopowiedzenie inne niż daty biograficzne (NP)
    • (statystyka).
    • e
    • Określenie rodzaju współpracy
    • Autor
    • 9
    • KHW
    • 421
700 -Hasło dodatkowe - nazwa osobowa [1, ]
    • a
    • Nazwa osobowa (NP)
    • Markowicz, Iwona. Find
    • e
    • Określenie rodzaju współpracy
    • Autor
    • 9
    • KHW
    • 26483
700 -Hasło dodatkowe - nazwa osobowa [1, ]
    • a
    • Nazwa osobowa (NP)
    • Mojsiewicz, Magdalena. Find
    • e
    • Określenie rodzaju współpracy
    • Autor
    • 9
    • KHW
    • 40976
700 -Hasło dodatkowe - nazwa osobowa [1, ]
    • a
    • Nazwa osobowa (NP)
    • Wawrzyniak, Katarzyna Find
    • c
    • Dopowiedzenie inne niż daty biograficzne (NP)
    • (ekonomia).
    • e
    • Określenie rodzaju współpracy
    • Autor
    • 9
    • KHW
    • 83376
710 -Hasło dodatkowe - nazwa ciała zbiorowego [2, ]
    • a
    • Nazwa ciała zbiorowego lub nazwa geograficzna jako pierwszy element (NP)
    • Wydawnictwa Naukowo-Techniczne.
    • e
    • Rodzaj współpracy
    • Wydawca
    • 4
    • Kod relacji
    • pbl
    • 9
    • KHW
    • 56617
920 -ISBN [ , ]
    • a
    • ISBN
    • 83-204-2572-7 Find
    • q
    • Dopowiedzenie
    • całość
920 -ISBN [ , ]
    • a
    • ISBN
    • 83-204-2573-5 Find
    • q
    • Dopowiedzenie
    • cz. I
Sygnatura Status udost. Numer inwentarzowy Data inwentaryzacji Lokalizacja
 -2E.677402001-05-10BE
 -3S.879422001-05-10BE
 -3S.879512001-05-17BE
 2S.879522001-05-17BE
 -3S.879532001-05-17BE
 -3S.879542001-05-17BE
 -3S.879552001-05-17BE
 2S.879562001-05-17BE
 -3S.879572001-05-17BE
 -3S.879582001-05-17BE
 2S.879592001-05-17BE
 -3S.879602001-05-17BE
 -3S.892132002-03-05BE
 -3S.892142002-03-05BE
 -3S.892152002-03-05BE
 -3S.892162002-03-05BE
 -2S.909882003-09-19BE
 -2S.909872003-09-19BE
 -2S.924802006-07-03BE
W.204989-3W.2049892001-11-13BG
W.204989-3W.2049902001-11-13BG
T.5573-3T.55732001-08-22T
T.5574-6T.55742001-08-22T
T.5575-3T.55752001-08-22T
T.5576-3T.55762001-08-22T
T.5577-3T.55772001-08-22T
T.5578-6T.55782001-08-22T
T.5579-3T.55792001-08-22T
T.5580-3T.55802001-08-22T
T.5581-3T.55812001-08-22T
T.5582-6T.55822001-08-22T
T.6227-3T.62272002-01-18T
T.6228-3T.62282002-01-18T
 -6T.62292002-01-18T
T.6230-6T.62302002-01-18T
T.6231-3T.62312002-01-18T
T.6507-3T.65072002-03-05T
T.6508-3T.65082002-03-05T
T.6509-3T.65092002-03-05T
T.6510-3T.65102002-03-05T
T.6511-3T.65112002-03-05T
TM.6888-3TM.68882009-10-12T
TM.11119-3TM.111192014-06-02T
TM.12174-3TM.121742015-02-04T